Les Meilleurs buteurs de la Bundesliga 2010-2011 - Statistiques

Statistiques générales
  • Ce quiz a été pris 22 fois
  • Le résultat moyen est 2 sur 10
Statistiques - réponses
Buts Nationalité Club Joueur % Correct
28 Allemagne Bayern Munich Mario Gómez
100%
13 Espagne Schalke 04 Raúl
58%
16 Paraguay Borussia Dortmund Lucas Barrios
16%
13 Allemagne FC Cologne Lukas Podolski
16%
22 Sénégeal SC Fribourg Papiss Cissé
11%
16 Grèce Eintracht Francfort Theofanis Gekas
11%
15 Allemagne FSV Mayence André Schürrle
0%
14 Côte d'Ivoire Hanovre 96 Didier Ya Konan
0%
17 Slovénie FC Cologne Milivoje Novakovič
0%
16 Croatie FC Kaiserslautern Srđan Lakić
0%
Aucun quiz correspondant
Distribution des résultats
% des personnes avec chaque résultat
Percentile par nombre de réponses
Votre historique - résultats
Vous n’avez pas pris ce quiz